| 000 | 00686nam a22001937a 4500 | ||
|---|---|---|---|
| 005 | 20251028102932.0 | ||
| 008 | 251015b |||||||| |||| 00| 0 eng d | ||
| 020 | _a9786214501397 | ||
| 082 | _aDFil 899.2114358 Sa295 2021 | ||
| 100 |
_aSakili, Abraham P. _968851 |
||
| 245 |
_aProblemang Mindanao ugat at pag-unawa : _bdalawang sanaysay / _cAbraham P. Sakili. |
||
| 260 |
_aManila : _bKWF Publikasyon, _c©2021. |
||
| 300 |
_a50 pages : _billustrations ; _c20 cm. |
||
| 500 | _aIncludes references. | ||
| 650 | 0 |
_aFilipino essays. _969008 |
|
| 650 | 0 |
_aMindanao (Philippines) _vHistory. _969009 |
|
| 650 | 0 |
_aMindanao (Philippines) _xSocial life and customs. _969010 |
|
| 942 |
_2ddc _cDFIL |
||
| 999 |
_c24054 _d24054 |
||